Tři mušketýři /
Historický román slavného francouzského romanopisce vypráví o dobrodružstvích a láskách čtyř nerozlučných přátel v neklidných dobách vlády Ludvíka XIII. Vychází s původními ilustracemi Maurice Leloira, v novém překladu a s poznámkami Jiřího Žáka.
Uloženo v:
| Hlavní autor: | |
|---|---|
| Další autoři: | , |
| Médium: | E-kniha |
| Jazyk: | Czech |
| Vydáno: |
Praha :
XYZ,
2018
|
| Témata: | |
| Tagy: |
Žádné tagy |
| LEADER | 02915nam a2200541 i 4500 | ||
|---|---|---|---|
| 001 | 310987 | ||
| 003 | CZ PrSKC | ||
| 005 | 20260601215657.0 | ||
| 007 | ta | ||
| 008 | 181122s2018 xr a g 000 f cze | ||
| 015 | |a cnb003057949 | ||
| 020 | |a 9788075972422 |q (vázáno) : |c Kč 890,00 | ||
| 035 | |a (OCoLC)1081366603 | ||
| 040 | |a BOA001 |b cze |d ABA001 |e rda | ||
| 041 | 1 | |a cze |h fre | |
| 072 | 7 | |a 821.133.1-3 |x Francouzská próza, francouzsky psaná |2 Konspekt | |
| 080 | |a 821.133.1-31 |2 MRF | ||
| 080 | |a (0:82-311.6) |2 MRF | ||
| 080 | |a (0:82-311.3) |2 MRF | ||
| 080 | |a (0.072) |2 MRF | ||
| 100 | 1 | |a Dumas, Alexandre, |d 1802-1870 |7 jn19990001907 |4 aut | |
| 240 | 1 | 0 | |a Trois mousquetaires. |l Česky |7 aun2007421442 |
| 245 | 1 | 0 | |a Tři mušketýři / |c Alexandre Dumas ; přeložil a poznámkami opatřil Jiří Žák ; ilustrace Maurice Leloir |
| 264 | 1 | |a Praha : |b XYZ, |c 2018 | |
| 300 | |a 693 stran : |b ilustrace ; |c 24 cm | ||
| 336 | |a text |b txt |2 rdacontent | ||
| 337 | |a bez média |b n |2 rdamedia | ||
| 338 | |a svazek |b nc |2 rdacarrier | ||
| 500 | |a Přeloženo z francouzštiny | ||
| 500 | |a Dva díly v jednom svazku | ||
| 504 | |a Obsahuje bibliografii | ||
| 520 | 2 | |a Historický román slavného francouzského romanopisce vypráví o dobrodružstvích a láskách čtyř nerozlučných přátel v neklidných dobách vlády Ludvíka XIII. Vychází s původními ilustracemi Maurice Leloira, v novém překladu a s poznámkami Jiřího Žáka. |b Historické skutečnosti se v romantickém, dějem nabitém příběhu tří královských mušketýrů a gaskoňského kadeta prolínají s bohatou autorovou fantazií v mozaice dvorských intrik, milostných zápletek a přátelství na život a na smrt. Kromě řady romantických a milostných dobrodružství podává světově proslulá kniha i barvitý a čtivý obraz života ve Francii v l. polovině 17. století. | |
| 655 | 7 | |a francouzské romány |7 fd132289 |2 czenas | |
| 655 | 7 | |a historické romány |7 fd132414 |2 czenas | |
| 655 | 7 | |a dobrodružné romány |7 fd132061 |2 czenas | |
| 655 | 7 | |a komentovaná vydání |7 fd132577 |2 czenas | |
| 655 | 9 | |a French fiction |2 eczenas | |
| 655 | 9 | |a historical novels |2 eczenas | |
| 655 | 9 | |a adventure novels |2 eczenas | |
| 655 | 9 | |a annotated editions |2 eczenas | |
| 700 | 1 | |a Žák, Jiří, |d 1946-2024 |7 jk01152981 |4 cwt |4 trl | |
| 700 | 1 | |a Leloir, Maurice, |d 1853-1940 |7 mzk2002157021 |4 ill | |
| 900 | |a ABA001 |b 20 | ||
| 928 | 9 | |a Albatros Media - XYZ | |
| 044 | |a xr | ||
| 910 | |a RBIT002 | ||
| 998 | |d 180960 |a https://core.palmknihy.cz/api/books/180960/cover?pj9m1t |b https://core.palmknihy.cz/api/books/180960/cover/400?pj9m1t |c https://core.palmknihy.cz/api/books/180960/cover/50?pj9m1t |e 2050-12-31 |g 696 |i 9788075972422 |j https://core.palmknihy.cz/api/books/180960/preview.epub |k https://core.palmknihy.cz/api/books/180960/preview.pdf |l |q 49 |r 1 |s https://www.palmknihy.cz/kniha/180960 |t ebook |y 2018 |z 0 | ||
| 999 | |d 310985 | ||